Регионална библиотека "Любен Каравелов" - Русе

Zwei sonaten (Запис номер 349339)

MARC детайли
000 -Лидер
Контролно поле с фиксирана дължина 01138ncm a2200289 a 4500
003 - Код на организацията, давaща контролен номер
Контролно поле BLK
005 - Дата и час на последна редакция
Контролно поле 20250127155503.0
008 - Елементи от данни с фиксирана дължина
fixed length control field 200324b bu ||||| |||| 00| 0 bu d
040 ## - Източник на каталожния запис
Идентификатор на билиотеката - собственик на записа BLK
041 ## - Код за език
Код за езика на текст/звукозапис или на отделно заглавие Немски
Код за езика КДБФ Немски
080 ## - УДК
Текстов определител УДК Дуа, дуети инструментални
УДК код - определител по УДК 785.72
УДК - код + определител 785.72
080 ## - УДК
Текстов определител УДК Дуо кларинет и пиано
УДК код - определител по УДК 785.72:788.6:786.2
УДК - код + определител 785.72:788.6:786.2
100 ## - Редна дума - Автор
Автор Брамс, Йоханес
Авторска отговорност първи автор
R(LIN) 1299
139 ## - Редно поле
Редна дума Брамс, Йоханес
Авторски знак Брак - Б 76
245 ## - Сведения за заглавието
Заглавие Zwei sonaten
Подзаглавни данни fur klarinette (oder bratsche) und klavier
Редно поле (дума) Johannes Brahms; Йоханес Брамс; hrsg. von Carl Herrmann; klarinettenstimme von Heinrich Bading
Версия op. 120
257 ## - Страна на издаване
Страна на създаване/издаване Германия
260 ## - Област на издателските данни
9 (RLIN) 211254
Място на издаване, разпространение и проч. Leipzig
Име на издателя, разпространителя и проч. Peters 3896c
Година на издаване s. a.
300 ## - Физическа характеристика
Страници 60 с.
Размери/Мащаб 30 см
Съпровождащи материали щим 16 с.
380 ## - Жанр
Жанр Изкуство
650 #0 - Допълнително описание по предмет – тема
Основно описание – тема или топоним Дуо - кларинет и пиано
9 (RLIN) 353801
653 #7 - Ключова дума – ненормативна
9 (RLIN) 188643
Ключова дума кларинети
653 #7 - Ключова дума – ненормативна
9 (RLIN) 193730
Ключова дума пиано
700 ## - Други автори (авторска отговорност)
9 (RLIN) 127
Лично име Herrmann, Carl
Автороска отговорност (Описва отношението между автора и произведението) hrsg. von
852 ## - Местоположение
Форматна сигнатура Цб М II 245
Фондова буква Отдел Изкуство - подръчен фонд
999 ## - СИСТЕМНИ КОНТРОЛНИ НОМЕРА
Koha biblionumber 349339
Koha biblioitemnumber 349339
942 ## - АРТИКУЛИ
Вид на библиотечния материал Нотни издания
Скрит в OPAC Не
Периодичен библиозапис Да
944 ## - СЪЗДАВАНЕ И РЕДАКЦИЯ на ЗАПИСА
Дата на регистрацията/редакция 2020-03-24
Служител, извършил регистрацията/редакцията 30560
Статус, дата на статуса Геновева Генчева
Наличности
Код за отписване Код за изгубен артикул Източник на класификационната схема Код за повреда Коз за рестрикции Код за отдаване Артикулен № Име на библиотеката - собственик Име на библиотеката, в която се намира в момента Статус (Текущо местоположение) Дата на вписване в системата Местоположение - отдел Цена в лева Инвентарен номер Систематично азбучна сигнатура Баркод Цена в евро Служебен тип на артикула
  Не е изгубен Universal Decimal Classification Не е повреден без рестрикции заемане за дома 764442 Регионална библиотека "Любен Каравелов" Русе Регионална библиотека "Любен Каравелов" Русе Отдел Изкуство - подръчен фонд 2020-04-24 Отдел Изкуство - подръчен фонд 0.38 2428/66 788/Б 76 Й 900000001766 0.19 Нотни издания
Vip Innovations Ltd, Rousse, Bulgaria 2025